College Quizbowl Stats
College Quizbowl Stats
Circuits
Seasons
Sets
Records
Detailed Stats
About
Loading...
2024 Booster Shot (Great Lakes)
Tossups
Bonuses
Players
Teams
Categories (Tossup)
Categories (Bonus)
Zhiheng Liu
Michigan C
Categories
Category
Powers
Gets
Negs
BBs
Points
Earliest Buzz
Avg. Buzz
First Buzzes
Top 3 Buzzes
History - Other History
2
0
0
0
30
48
48.00
2
2
Fine Arts - Other Fine Arts
0
1
0
1
10
136
136.00
0
0
Literature - European Literature
0
1
0
0
10
138
138.00
0
0
Science - Physics
0
0
1
0
-5
0.00
0
0
Social Science
0
0
1
0
-5
0.00
0
0
Buzzes
Category
Answer
Value
Buzz Position
History - Other History
encyclopedias
15
48
History - Other History
encyclopedias
15
48
Social Science
cooking
-5
60
Science - Physics
mass
-5
116
Fine Arts - Other Fine Arts
houses
10
136
Literature - European Literature
Lysistrata
10
138
Previous
1
Next